书目信息 |
| 题名: |
阮啸仙
|
|
| 作者: | 元邦建 | |
| 分册: | ||
| 出版信息: | 广州 广东人民出版社 1983 |
|
| 页数: | 110 | |
| 开本: | 19cm | |
| 丛书名: | ||
| 单 册: | ||
| 中图分类: | K04 | |
| 科图分类: | ||
| 主题词: | 年代学 | |
| 电子资源: | ||
| ISBN: | ||
| 000 | 00459nam0 2200181 450 | |
| 001 | 0735257515 | |
| 005 | 20070904094737.51 | |
| 010 | @d0.38 | |
| 100 | @a20070904d km y0chiy0120 ea | |
| 101 | 0 | @achi |
| 200 | 1 | @a阮啸仙@Aruan xiao xian@f元邦建@Fyuan bang jian |
| 210 | @a广州@c广东人民出版社@d1983 | |
| 215 | @a110@d19cm | |
| 606 | 0 | @a年代学 |
| 690 | @aK04@v3 | |
| 701 | 0 | @a元邦建@Ayuan bang jian |
| 801 | 0 | @aCN@bPFT@c20070904 |
| 905 | @a213230@dK04@ea1@f1 | |
| 阮啸仙/元邦建.-广州:广东人民出版社,1983 |
| 110;19cm |
| ISBN :0.38 |
| ● |
| 相关链接 |
|
|
|
|
正题名:阮啸仙
索取号:K04/a1
 
预约/预借
| 序号 | 登录号 | 条形码 | 馆藏地/架位号 | 状态 | 备注 |
| 1 | 7504131 | 275041312 | 密集书库-史法系/ [索取号:K04/a1] | 在馆 |